000
00269nam a2200109Ia 4500
008
200302s9999 xx 000 0 und d
100
_a
Philip jodidio
245
_a
100 Contemporary Architecture J-Z
260
_b
Thaschen Publication
260
_c
2008
300
_a
848 P.,
999
_c
2578
_d
2578